000 01520 a2200241 4500
001 15189
005 20260407155449.0
008 260407a2006 arg spa d
003 AR-UNSa-BCEJYS
040 _aAR-UNSa-BCEJYS
_bspa
_cAR-UNSa-BCEJYS
080 _a004.5
_xInteracción hombre-ordenador. Interfaz hombre-máquina. Interfaz del usuario. Entorno del usuario
245 1 0 _aDiseño de interfaces de usuario
_pestrategias para una interacción persona-computadora efectiva
020 _a978-84-205-4803-6
250 _a4a. ed.
264 1 _aMadrid :
_bPearson Educación
_c2006
300 _axvi, 722 p.
_c24 cm.
505 _a1. Usabilidad de sistemas interactivos - 2. Guías, principios y teorías - 3. Gestión de procesos de diseño - 4. Evaluación de diseños de interfaz - 5. Herramientas software - 6. Manipulación directa y entornos virtuales - 7. Menús, formularios y cuadros de diálogo - 8. Lenguajes de órdenes y lenguaje natural - 9. Dispositivos de interacción - 10. Colaboración - 11. Calidad de servicio - 12. Equilibrio entre funcionalidad y apariencia - 13. Manuales de usuario, ayuda en línea y tutoriales - 14. Búsqueda y visualización de información - 15. Impacto individual y social de las interfaces de usuario
942 _cBK
590 _aniveau_biblio:m niveau_hierar:0
100 1 _aShneiderman, Ben
700 1 _aPlaisant, Catherine
856 4 1 _uhttps://biblioeco.unsa.edu.ar/pmb/images/libros/Dise?o de Interfaces de Usuario-l119003.jpg
_yImagen de portada
_qimage/jpeg
999 _c637
_d637